[Event "Szolnok Agora op 2nd"]
[Site "Szolnok"]
[Date "2023.06.30"]
[Round "3"]
[White "Hugyecz, Barnabas"]
[Black "Pasztorcsik, Janos"]
[Result "1/2-1/2"]
[WhiteElo "1414"]
[BlackElo "1789"]
[PlyCount "24"]
[EventDate "2023.06.29"]
[EventType "swiss"]
[EventRounds "7"]
[EventCountry "HUN"]
[SourceTitle "EXT 2024"]
[Source "ChessBase"]
[SourceDate "2023.10.10"]
[SourceVersion "1"]
[SourceVersionDate "2023.10.10"]
[SourceQuality "1"]

1. e4 c5 2. c3 d6 3. d4 cxd4 4. cxd4 g6 5. Nf3 Bg7 6. Nc3 Nf6 7. e5 dxe5 8. Nxe5 0-0 9. Bc4 e6 10. Bg5 h6 11. Bh4 Qb6 12. Qd2 Nc6 1/2-1/2

[Event "Szolnok op"]
[Site "Szolnok"]
[Date "2022.06.17"]
[Round "3"]
[White "Lazary, Zsolt Sandor"]
[Black "Pasztorcsik, Janos"]
[Result "1/2-1/2"]
[WhiteElo "1648"]
[BlackElo "1884"]
[PlyCount "64"]
[EventDate "2022.06.16"]
[EventType "swiss"]
[EventRounds "7"]
[EventCountry "HUN"]
[SourceTitle "CBM 209 Extra"]
[Source "ChessBase"]
[SourceDate "2022.09.30"]
[SourceVersion "1"]
[SourceVersionDate "2022.09.30"]
[SourceQuality "1"]

1. e4 c5 2. Nf3 Nc6 3. d4 cxd4 4. Nxd4 e5 5. Nf3 Nf6 6. Bc4 Be7 7. 0-0 0-0 8. Nc3 d6 9. Be3 Be6 10. Bb3 a6 11. Re1 Rc8 12. Nd5 Bxd5 13. Bxd5 Nxd5 14. exd5 Nb8 15. a4 Qc7 16. c3 Nd7 17. Qb3 h6 18. Nd2 f5 19. Nf1 Kh7 20. a5 Rf7 21. Qc2 g6 22. f3 Nc5 23. b4 Nd7 24. Nd2 Qxc3 25. Qa4 Bg5 26. Bxg5 hxg5 27. Nb3 Qc7 28. Rac1 Qb8 29. Rxc8 Qxc8 30. Rc1 Qb8 31. b5 axb5 32. Qxb5 Nf6 1/2-1/2

[Event "HUN-chT2 Toth 1415"]
[Site "Hungary"]
[Date "2014.11.16"]
[Round "4.9"]
[White "Pasztorcsik, Janos"]
[Black "Szel, Aleks"]
[Result "1-0"]
[WhiteElo "2011"]
[BlackElo "1682"]
[PlyCount "55"]
[EventDate "2014.09.07"]
[EventType "team-tourn"]
[EventRounds "11"]
[EventCountry "HUN"]
[SourceTitle "EXT 2016"]
[Source "ChessBase"]
[SourceDate "2015.10.08"]
[SourceVersion "1"]
[SourceVersionDate "2015.10.08"]
[SourceQuality "1"]
[WhiteTeam "Oroshaza"]
[BlackTeam "Felegyhaza Csongrad"]
[WhiteTeamCountry "HUN"]
[BlackTeamCountry "HUN"]

1. d4 Nf6 2. c4 g6 3. Nc3 d5 4. cxd5 Nxd5 5. e4 Nxc3 6. bxc3 Bg7 7. Bc4 0-0 8. Ne2 e6 9. 0-0 Nc6 10. Ba3 Re8 11. Qc2 a6 12. Rad1 Bd7 13. f4 Qc8 14. Ng3 Ne7 15. f5 exf5 16. Qb3 Be6 17. d5 b5 18. dxe6 bxc4 19. exf7+ Kxf7 20. Qxc4+ Qe6 21. Qxe6+ Kxe6 22. Bxe7 Kxe7 23. exf5 Bxc3 24. Ne4 Be5 25. f6+ Kf8 26. Ng5 Red8 27. Ne6+ Ke8 28. f7+ 1-0

[Event "HUN-chT2 Maroczy 1112"]
[Site "Hungary"]
[Date "2012.05.20"]
[Round "11"]
[White "Pasztorcsik, Janos"]
[Black "Halak, Miklos"]
[Result "1/2-1/2"]
[WhiteElo "2015"]
[BlackElo "2037"]
[PlyCount "93"]
[EventDate "2011.09.25"]
[EventType "team-tourn"]
[EventRounds "11"]
[EventCountry "HUN"]
[SourceTitle "EXT 2013"]
[Source "ChessBase"]
[SourceDate "2012.11.22"]
[SourceVersion "1"]
[SourceVersionDate "2012.11.22"]
[SourceQuality "1"]
[WhiteTeam "Oroshaza"]
[BlackTeam "Lila Futo"]
[WhiteTeamCountry "HUN"]
[BlackTeamCountry "HUN"]

1. d4 d5 2. Bg5 c6 3. Nf3 h6 4. Bh4 Qb6 5. b3 Bf5 6. e3 e6 7. Bd3 Nd7 8. Bxf5 exf5 9. Qd3 g6 10. Bg3 Ngf6 11. Ne5 Bg7 12. f3 0-0 13. 0-0 Rfe8 14. Nd2 Nf8 15. Bf2 N6h7 16. Qc3 Rac8 17. b4 Ne6 18. Nb3 f4 19. Rfe1 Rcd8 20. Nc5 fxe3 21. Rxe3 Qc7 22. Rae1 Nxc5 23. bxc5 Nf6 24. R1e2 Nh5 25. g3 Re6 26. Qe1 Rde8 27. Ng4 Qd7 28. Rxe6 Rxe6 29. Ne5 Qe8 30. Kf1 Nf6 31. c3 Nd7 32. f4 Nf6 33. g4 Ne4 34. Bg3 Qd8 35. Kg2 Qa5 36. Rc2 b6 37. cxb6 axb6 38. c4 Qa4 39. Qb1 b5 40. cxd5 cxd5 41. Rc8+ Kh7 42. Qb2 Nd6 43. Rc7 Qd1 44. Rc1 Qa4 45. Rc7 Qd1 46. Rc1 Qa4 47. Rc7 1/2-1/2

[Event "HUN-chT2 Maroczy 0910"]
[Site "Hungary"]
[Date "2010.03.21"]
[Round "8"]
[White "Pasztorcsik, Janos"]
[Black "Szurovszky, Elek"]
[Result "1-0"]
[WhiteElo "2110"]
[BlackElo "2097"]
[PlyCount "73"]
[EventDate "2009.11.08"]
[EventType "team-tourn"]
[EventRounds "11"]
[EventCountry "HUN"]
[SourceTitle "EXT 2011"]
[Source "ChessBase"]
[SourceDate "2010.11.26"]
[SourceVersion "1"]
[SourceVersionDate "2010.11.26"]
[SourceQuality "1"]
[WhiteTeam "Oroshaza"]
[BlackTeam "Fenstherm"]
[WhiteTeamCountry "HUN"]
[BlackTeamCountry "HUN"]

1. d4 Nf6 2. c4 e6 3. Nf3 b6 4. g3 Bb7 5. Bg2 Be7 6. 0-0 0-0 7. Nc3 Ne4 8. Qc2 Nxc3 9. Qxc3 Bf6 10. Qd3 g6 11. Bh6 Re8 12. e4 d5 13. exd5 exd5 14. Rfe1 Rxe1+ 15. Rxe1 dxc4 16. Qxc4 Nd7 17. Ng5 Bxg5 18. Bxg5 Qxg5 19. Bxb7 Rf8 20. Qxc7 Nf6 21. Qc3 Qf5 22. Qf3 Qa5 23. Re5 Qxa2 24. Qxf6 Qxb2 25. Bd5 Qc1+ 26. Kg2 Qh6 27. Re7 Qg7 28. Qxg7+ Kxg7 29. Rxa7 Rd8 30. Rxf7+ Kh8 31. Be4 Rxd4 32. Kf3 Rb4 33. Rb7 b5 34. h4 Rb2 35. Ke3 b4 36. f3 b3 37. Kf4 1-0

[Event "HUN-chT2 Maroczy 0910"]
[Site "Hungary"]
[Date "2010.02.28"]
[Round "7"]
[White "Hidegh, Eszter"]
[Black "Pasztorcsik, Janos"]
[Result "1/2-1/2"]
[WhiteElo "2147"]
[BlackElo "2110"]
[PlyCount "77"]
[EventDate "2009.11.08"]
[EventType "team-tourn"]
[EventRounds "11"]
[EventCountry "HUN"]
[SourceTitle "EXT 2011"]
[Source "ChessBase"]
[SourceDate "2010.11.26"]
[SourceVersion "1"]
[SourceVersionDate "2010.11.26"]
[SourceQuality "1"]
[WhiteTeam "Matra"]
[BlackTeam "Oroshaza"]
[WhiteTeamCountry "HUN"]
[BlackTeamCountry "HUN"]

1. e4 c5 2. Nc3 Nc6 3. d3 d6 4. Be3 g6 5. d4 cxd4 6. Bxd4 Nxd4 7. Qxd4 Nf6 8. e5 dxe5 9. Bb5+ Bd7 10. Qxe5 a6 11. Nd5 Nxd5 12. Bxd7+ Qxd7 13. Qxh8 Qe6+ 14. Kf1 Nf6 15. Rd1 Qc4+ 16. Ke1 Qxc2 17. h4 Qe4+ 18. Kf1 Qc2 19. Ke1 Qe4+ 20. Kf1 Qc4+ 21. Ne2 Qc2 22. Rc1 Rd8 23. f3 Qxb2 24. h5 g5 25. Rh3 Qxa2 26. f4 Qa4 27. Re1 Rd1 28. Rc3 Rxe1+ 29. Kxe1 Qa1+ 30. Rc1 Qa5+ 31. Kf1 Qf5 32. g4 Qxg4 33. fxg5 Qh3+ 34. Ke1 Qh1+ 35. Kd2 Qd5+ 36. Ke1 Qh1+ 37. Kd2 Qd5+ 38. Ke1 Qh1+ 39. Kd2 1/2-1/2

[Event "HUN-chT2 Maroczy 0809"]
[Site "Hungary"]
[Date "2009.03.08"]
[Round "9"]
[White "Pap, Peter"]
[Black "Pasztorcsik, Janos"]
[Result "1-0"]
[WhiteElo "2098"]
[BlackElo "2106"]
[PlyCount "55"]
[EventDate "2008.10.26"]
[EventType "team-tourn"]
[EventRounds "11"]
[EventCountry "HUN"]
[SourceTitle "EXT 2010"]
[Source "ChessBase"]
[SourceDate "2010.11.25"]
[SourceVersion "1"]
[SourceVersionDate "2010.11.25"]
[SourceQuality "1"]
[WhiteTeam "Maroczy"]
[BlackTeam "Oroshaza"]
[WhiteTeamCountry "HUN"]
[BlackTeamCountry "HUN"]

1. e4 c5 2. Nf3 Nc6 3. d4 cxd4 4. Nxd4 e5 5. Nb5 d6 6. N1c3 a6 7. Na3 b5 8. Nd5 Be7 9. c4 b4 10. Qa4 Bd7 11. Nxb4 Nxb4 12. Qxb4 d5 13. Qc3 d4 14. Qd3 Nf6 15. Nc2 Bc6 16. f3 0-0 17. Qd1 Nd7 18. Bd3 Bg5 19. 0-0 Bxc1 20. Rxc1 Rb8 21. b4 Qe7 22. Qd2 Ba4 23. c5 a5 24. a3 axb4 25. axb4 Bb5 26. Bxb5 Rxb5 27. Na3 Rbb8 28. Nc4 1-0